| 000 | 00345nam a2200109 a 4500 | ||
|---|---|---|---|
| 005 | 20140414132113.0 | ||
| 008 | 110805s19uu xx 00 eng d | ||
| 050 |
_aREF 413 _bSo8 2008 |
||
| 245 |
_aFilipino (tagalog) : _bphrase book & dictionary / _cThe world's best-selling phrase books. |
||
| 260 |
_aSingapore : _bBerlits, _c2008. |
||
| 999 |
_c114809 _d114809 |
||